Correspondencia consular inglesa sobre la Anexión de Santo Domingo a España (Record no. 7575)

MARC details
000 -LEADER
campo de control de longitud fija 00412nam a2200145Ia 4500
001 - NÚMERO DE CONTROL
campo de control 2547
008 - DATOS DE LONGITUD FIJA--INFORMACIÓN GENERAL
campo de control de longitud fija 241024s9999 xx 000 0 und d
020 ## - NÚMERO INTERNACIONAL ESTÁNDAR DEL LIBRO
Número Internacional Estándar del Libro 978-9945-074-69-7
082 ## - NÚMERO DE LA CLASIFICACIÓN DECIMAL DEWEY
Número de clasificación RD/972.9304/M375c
100 ## - ENTRADA PRINCIPAL--NOMBRE DE PERSONA
Nombre de persona Roberto Marte
245 #0 - MENCIÓN DEL TÍTULO
Título Correspondencia consular inglesa sobre la Anexión de Santo Domingo a España
260 ## - PUBLICACIÓN, DISTRIBUCIÓN, ETC.
Nombre del editor, distribuidor, etc. Editora Búho
Fecha de publicación, distribución, etc. 2012
901 ## - ELEMENTOS DE DATOS A LOCAL LDA (RLIN)
a 14/11/2012 8:47:27 a.m.

No items available.

© 2024. Todos los Derechos Reservados. Desarrollado por IDEICE